[Event "Niort op 1st"]
[Site "Niort"]
[Date "2004.07.07"]
[Round "4"]
[White "David, Vincent"]
[Black "Aubin, Alex"]
[Result "1-0"]
[WhiteElo "2310"]
[BlackElo "1960"]
[PlyCount "49"]
[EventDate "2004.07.05"]
[EventType "swiss"]
[EventRounds "7"]
[EventCountry "FRA"]
[SourceTitle "CBM 101 Extra"]
[Source "ChessBase"]
[SourceDate "2004.09.01"]
[SourceVersion "2"]
[SourceVersionDate "2004.09.01"]
[SourceQuality "1"]

1. d4 Nf6 2. c4 g6 3. Nf3 Bg7 4. g3 0-0 5. Bg2 d5 6. cxd5 Nxd5 7. 0-0 c5 8. e4 Nb4 9. d5 Nd7 10. Nc3 b6 11. a3 Na6 12. Bf4 Nf6 13. e5 Ne8 14. Bd2 Nac7 15. Re1 Rb8 16. h3 Bh8 17. g4 Ng7 18. d6 exd6 19. Bg5 Qd7 20. exd6 Nb5 21. Nd5 Ne6 22. Bf6 Bg7 23. Ne5 Qe8 24. Ne7+ Kh8 25. Bc6 1-0

[Event "Niort op-B"]
[Site "Niort"]
[Date "2002.09.29"]
[Round "6"]
[White "Demuth, Adrien"]
[Black "Aubin, Alex"]
[Result "1-0"]
[WhiteElo "1740"]
[BlackElo "1760"]
[PlyCount "37"]
[EventDate "2002.09.28"]
[EventType "swiss"]
[EventRounds "6"]
[EventCountry "FRA"]
[SourceTitle "EXT 2004"]
[Source "ChessBase"]
[SourceDate "2003.11.25"]
[SourceVersion "1"]
[SourceVersionDate "2003.11.25"]
[SourceQuality "1"]

1. d4 Nf6 2. c4 g6 3. Nc3 d5 4. Bg5 Ne4 5. Nxe4 dxe4 6. f3 exf3 7. Nxf3 Bg7 8. e3 0-0 9. Be2 c5 10. 0-0 Nc6 11. d5 Ne5 12. Nxe5 Bxe5 13. Qc2 Qc7 14. Bf4 e6 15. Rad1 Rd8 16. d6 Bxd6 17. Qd3 e5 18. Bxe5 Bf5 19. Bxd6 1-0

[Event "Niort op-B"]
[Site "Niort"]
[Date "2002.09.28"]
[Round "3"]
[White "Aubin, Alex"]
[Black "Chabot, Jean Pierre"]
[Result "0-1"]
[WhiteElo "1760"]
[BlackElo "1610"]
[PlyCount "81"]
[EventDate "2002.09.28"]
[EventType "swiss"]
[EventRounds "6"]
[EventCountry "FRA"]
[SourceTitle "EXT 2004"]
[Source "ChessBase"]
[SourceDate "2003.11.25"]
[SourceVersion "1"]
[SourceVersionDate "2003.11.25"]
[SourceQuality "1"]

1. e4 d5 2. exd5 Nf6 3. Bb5+ Bd7 4. Bc4 c6 5. Nc3 cxd5 6. Nxd5 e6 7. Nxf6+ Qxf6 8. Qf3 Qe5+ 9. Qe2 Qg5 10. g3 Bc6 11. f3 Nd7 12. d4 Qe7 13. Bf4 0-0-0 14. 0-0-0 g5 15. Be3 g4 16. d5 exd5 17. Bxd5 Bxd5 18. Rxd5 gxf3 19. Nxf3 Nb6 20. Rxd8+ Qxd8 21. Rd1 Qe7 22. Qd3 Bg7 23. Bxb6 axb6 24. Re1 Qb4 25. Qb3 Bh6+ 26. Kb1 Qxb3 27. cxb3 Rd8 28. Kc2 Rd5 29. Re7 Rf5 30. Nh4 Rf2+ 31. Kd3 Rxh2 32. Rxf7 Rxb2 33. Rxh7 Bg5 34. Nf5 Kb8 35. Rg7 Bc1 36. a4 Rf2 37. Nd4 Rd2+ 38. Ke4 Rxd4+ 39. Kxd4 Bb2+ 40. Kc4 Bxg7 41. Kb5 0-1